| 000 | 00919cab a2200289 4500 | ||
|---|---|---|---|
| 001 | ABS52133 | ||
| 008 | 090401t1994 xxu||||| |||| 00| 0 eng d | ||
| 035 | _a(Sirsi) u62786 | ||
| 041 | _aeng | ||
| 100 | _aCargill Thompson, J. | ||
| 245 | _aComing to a screen near you | ||
| 260 | _c1994 | ||
| 350 | _a0 | ||
| 490 |
_aBuilding _v260(7874) 6 January 1994, 36-37(2) |
||
| 520 | _aExamines predicted trends in the use of information technology in the construction industry as a means of meeting the 30% cost saving target in the Latham Report. | ||
| 650 | _aCAD | ||
| 650 | _aCOMPUTERS | ||
| 650 | _aCONSTRUCTION COSTS | ||
| 650 | _aCONSTRUCTION INDUSTRY | ||
| 650 | _aCONSTRUCTION PROCESS | ||
| 650 | _aDATA EXCHANGE TECHNOLOGY | ||
| 650 | _aLATHAM REFORMS | ||
| 650 | _aPROJECT INFORMATION | ||
| 690 | _aMANAGEMENT-BUSINESS MANAGEMENT-INFORMATION MANAGEMENT | ||
| 942 | _n0 | ||
| 948 | _c04/03/1997 | ||
| 999 |
_c38995 _d38995 |
||